Một số phương pháp xử lý và phân tích số liệu bằng SPSS Tài liệu hướng dẫn và đọc thêm
Wedi'i Gadw mewn:
| Prif Awdur: | |
|---|---|
| Fformat: | Llyfr |
| Cyhoeddwyd: |
Cần Thơ
Đại học Cần Thơ
2012
|
| Pynciau: | |
| Tagiau: |
Ychwanegu Tag
Dim Tagiau, Byddwch y cyntaf i dagio'r cofnod hwn!
|
| Thư viện lưu trữ: | Trung tâm Học liệu Lê Vũ Hùng, Trường Đại học Đồng Tháp |
|---|
| LEADER | 00831pam a22002418a 4500 | ||
|---|---|---|---|
| 001 | 00043567 | ||
| 005 | 20190122100123.0 | ||
| 008 | 170425s1999 ||||||Viesd | ||
| 020 | # | # | |c 0 |
| 041 | 0 | # | |a Vie |
| 082 | 1 | 4 | |a 005.7 |b M458S |
| 100 | 1 | # | |a Lưu, Tiến Thuận |
| 245 | 0 | 0 | |a Một số phương pháp xử lý và phân tích số liệu bằng SPSS |c Lưu Tiến Thuận |b Tài liệu hướng dẫn và đọc thêm |
| 260 | # | # | |a Cần Thơ |b Đại học Cần Thơ |c 2012 |
| 300 | # | # | |a 100 tr. |c 27 cm |
| 653 | # | # | |a Dữ liệu |
| 653 | # | # | |a Phân tích |
| 653 | # | # | |a Phương pháp |
| 653 | # | # | |a SPSS |
| 653 | # | # | |a Thiết kế |
| 852 | # | # | |j KD.0025648 |
| 910 | # | # | |d 22/1/2019 |
| 980 | # | # | |a Trung tâm Học liệu Lê Vũ Hùng, Trường Đại học Đồng Tháp |